Digimon Frontier - Spirits der 10 legendären Krieger - Statistiken

Allgemein
  • Dieses Quiz wurde 29 mal gespielt
  • Das Durchschnittsergebnis liegt bei 20 aus 31
Antwortstatistiken
Digiritter Digitation Name % Korrekt
Takuya / Element Feuer H-Spirit-Digitation Agunimon
95%
Koji / Element Licht H-Spirit-Digitation Lobomon
89%
Takuya / Element Feuer B-Spirit-Digitation BurningGreymon
79%
Zoe / Element Wind H-Spirit-Digitation Kazemon
79%
Koji / Element Licht B-Spirit-Digitation KendoGarurumon
79%
Takuya / Element Feuer Hyper-Spirit-Digitation KaiserGreymon
74%
Takuya / Element Feuer Legendäre-Spirit-Digitation Susanoomon
74%
Tommy / Element Eis Legendäre-Spirit-Digitation Susanoomon
74%
Zoe / Element Wind Legendäre-Spirit-Digitation Susanoomon
74%
J.P. / Element Donner Legendäre-Spirit-Digitation Susanoomon
74%
Koji / Element Licht Legendäre-Spirit-Digitation Susanoomon
74%
Takuya / Element Feuer Doppelter Spirit Aldamon
68%
Element Wasser H-Spirit-Digitation Lanamon
68%
Koichi / Element Finsternis L-Spirit-Digitation Löwemon
68%
Koichi / Element Finsternis H-Spirit-Digitation Duskmon
63%
Tommy / Element Eis H-Spirit-Digitation Kumamon
63%
Element Gold H-Spirit-Digitation Mercurymon
63%
J.P. / Element Donner B-Spirit-Digitation MetalKabuterimon
63%
J.P. / Element Donner H-Spirit-Digitation Beetlemon
58%
Koji / Element Licht Doppelter Spirit Beowolfmon
58%
Koji / Element Licht Hyper-Spirit-Digitation MagnaGarurumon
58%
Element Erde H-Spirit-Digitation Grumblemon
53%
Koichi / Element Finsternis K-Spirit-Digitation KaiserLeomon
53%
Element Holz H-Spirit-Digitation Arbormon
47%
Element Erde B-Spirit-Digitation Gigasmon
47%
Tommy / Element Eis B-Spirit-Digitation Korikakumon
47%
Zoe / Element Wind B-Spirit-Digitation Zephyrmon
47%
Element Wasser B-Spirit-Digitation Calmaramon
42%
Element Holz B-Spirit-Digitation Petaldramon
42%
Element Gold B-Spirit-Digitation Sephirothmon
42%
Koichi / Element Finsternis B-Spirit-Digitation Velgremon
37%
Keine übereinstimmenden Quizze gefunden
Verteilung der Resultate
Anzahl Personen mit jedem Resultat
Perzentil nach korrekt beantworteten Fragen
Ihre Resultats-Entwicklung
Sie haben dieses Quiz noch nicht gespielt